Strategi pembelajaran bahasa Arab di kalangan pelajar Melayu /
Saved in:
| 主要作者: | |
|---|---|
| 格式: | Thesis 圖書 |
| 語言: | Malay |
| 出版: |
2003.
|
| 主題: | |
| 在線閱讀: | http://studentsrepo.um.edu.my/id/eprint/1372 |
| 標簽: |
添加標簽
沒有標簽, 成為第一個標記此記錄!
|
| LEADER | 01088cam a2200277 a 4500 | ||
|---|---|---|---|
| 001 | u520748 | ||
| 003 | SIRSI | ||
| 008 | 930723s2003 my t 00 10 may m | ||
| 035 | |a ADA-5079 | ||
| 040 | |a UMM | ||
| 043 | |a a-my--- | ||
| 090 | |a PB12 |b UM 2003 Aniar | ||
| 100 | 0 | 0 | |a Anida Abdul Rahim. |
| 245 | 1 | 0 | |a Strategi pembelajaran bahasa Arab di kalangan pelajar Melayu / |c Anida binti Abdul Rahim. |
| 260 | |c 2003. | ||
| 300 | |a xxv, 264 leaves : |b ill. ; |c 30 cm. | ||
| 502 | |a Dissertation (M.M.L.S.) -- Fakulti Bahasa dan Linguistik, Universiti Malaya, 2003. | ||
| 504 | |a Bibliography: leaves 209-213. | ||
| 650 | 0 | |a Arabic language |x Study and teaching (Secondary) |z Malay speakers. | |
| 650 | 0 | |a Arabic language |x Study and teaching (Secondary) |z Malaysia | |
| 710 | 2 | 0 | |a Universiti Malaya. |b Fakulti Bahasa dan Linguistik. |
| 856 | |f IARC:A511968115 |z Click Here | ||
| 856 | 4 | 1 | |u http://studentsrepo.um.edu.my/id/eprint/1372 |
| 948 | |a 11/03/2004 |b 24/03/2004 | ||
| 596 | |a 1 | ||
| 999 | |a PB12 UM 2003 ANIAR |w LC |c 1 |i A511140580 |d 30/11/2017 |e 30/11/2017 |l STACKS |m P01UTAMA |n 83 |r Y |s Y |t TESIS |u 5/4/2004 | ||
